Countries Cher has visited - Statistics

General Stats
  • This quiz has been taken 77 times
  • The average score is 22 of 25
Answer Stats
Continent Country % Correct
North America Canada
100%
Oceania Australia
98%
Europe France
98%
Europe United Kingdom
98%
Europe Germany
97%
Europe Spain
97%
Europe Italy
95%
North America United States of America
95%
North America Mexico
92%
Asia/ Europe Russia
92%
Oceania New Zealand
91%
Europe Norway
91%
Europe Belgium
88%
Europe Portugal
88%
Europe Sweden
88%
Europe Denmark
86%
Asia Japan
86%
Europe Austria
83%
Europe Finland
83%
Europe Ireland
83%
Europe Switzerland
78%
Europe the Netherlands
78%
Europe Czech Republic
72%
Europe Hungary
68%
Europe Monaco
54%
No matching quizzes found
Score Distribution
Percent of People with Each Score
Percentile by Number Answered
Your Score History
You have not taken this quiz